000
00245nam a2200097Ia 4500
001
1029754
005
20250826231434.0
008
250824s9999 xx 000 0 und d
245
0
_a
HADESİN KÖPEĞİ
_c
LUCY COATS
260
_b
HEP KİTAP YAYINLARI
999
_c
1029754
_d
1029754